<?xml version="1.0" encoding="UTF-8"?><?xml-stylesheet type="text/xsl" href="static/style.xsl"?><OAI-PMH xmlns="http://www.openarchives.org/OAI/2.0/" xmlns:xsi="http://www.w3.org/2001/XMLSchema-instance" xsi:schemaLocation="http://www.openarchives.org/OAI/2.0/ http://www.openarchives.org/OAI/2.0/OAI-PMH.xsd"><responseDate>2026-04-18T00:24:21Z</responseDate><request verb="GetRecord" identifier="oai:www.recercat.cat:2072/382665" metadataPrefix="marc">https://recercat.cat/oai/request</request><GetRecord><record><header><identifier>oai:recercat.cat:2072/382665</identifier><datestamp>2026-03-29T23:55:34Z</datestamp><setSpec>com_2072_98</setSpec><setSpec>col_2072_378192</setSpec></header><metadata><record xmlns="http://www.loc.gov/MARC21/slim" xmlns:dcterms="http://purl.org/dc/terms/" xmlns:xsi="http://www.w3.org/2001/XMLSchema-instance" xmlns:doc="http://www.lyncode.com/xoai" xsi:schemaLocation="http://www.loc.gov/MARC21/slim http://www.loc.gov/standards/marcxml/schema/MARC21slim.xsd">
   <leader>00925njm 22002777a 4500</leader>
   <datafield ind2=" " ind1=" " tag="042">
      <subfield code="a">dc</subfield>
   </datafield>
   <datafield ind2=" " ind1=" " tag="720">
      <subfield code="a">Yeguas i Gassó, Joan</subfield>
      <subfield code="e">author</subfield>
   </datafield>
   <datafield ind2=" " ind1=" " tag="260">
      <subfield code="c">2006</subfield>
   </datafield>
   <datafield ind2=" " ind1=" " tag="520">
      <subfield code="a">Els present estudi aporta novetats documentals i historiogràfiques sobre l'escultura catalana de l'època barroca. L'exploració d'una àrea geogràfica poc atesa pels investigadors, l'Alta Segarra i Guissona, ens ha fet entendre la fortuna que va tenir l'art desenvolupat a Manresa durant tot el segle XVII. La propagació del treball de Joan Grau i el seu fill Francesc cap a terres de Lleida, ens ajuda a aclarir alguns períodes obscurs en la seva trajectòria. Al mateix temps també notifiquem la presència d'altres escultors, com ara Miquel Vidal, Josep Ribera, Josep Generes o Pau Sunyer.</subfield>
   </datafield>
   <datafield ind2=" " ind1=" " tag="520">
      <subfield code="a">The present study contribuites to the research on Catalan Baroque sculpture with some new documental and historiographical information. The exploration of such an unknown geographical area as the Alta Segarra and Guissona, has made us understand the success of the art production developed in Manresa during the 17th century. The great extension of Joan and Francesc Grau's work help us tho clarify some unclear periods in their career. This study has also given us some news about other sculpters such as Miquel Vidal, Josep Ribera, Josep Generes or Pau Sunyer.</subfield>
   </datafield>
   <datafield tag="653" ind2=" " ind1=" ">
      <subfield code="a">Barroc</subfield>
   </datafield>
   <datafield tag="653" ind2=" " ind1=" ">
      <subfield code="a">Retaule</subfield>
   </datafield>
   <datafield tag="653" ind2=" " ind1=" ">
      <subfield code="a">Segarra</subfield>
   </datafield>
   <datafield tag="653" ind2=" " ind1=" ">
      <subfield code="a">Josep Generes</subfield>
   </datafield>
   <datafield tag="653" ind2=" " ind1=" ">
      <subfield code="a">Pau Sunyer</subfield>
   </datafield>
   <datafield tag="653" ind2=" " ind1=" ">
      <subfield code="a">Pere Garcia de Benavarri</subfield>
   </datafield>
   <datafield ind2="0" ind1="0" tag="245">
      <subfield code="a">Els Grau i l'escultura del segle XVII a la Catalunya de Ponent</subfield>
   </datafield>
</record></metadata></record></GetRecord></OAI-PMH>